[Event "Collado Villalba Grupo Gallinero op 1st"]
[Site "Collado Villalba"]
[Date "2022.08.15"]
[Round "7"]
[White "Gomez Aguirre, Juan Alberto"]
[Black "Suarez Paz, Alfonso"]
[Result "1-0"]
[WhiteElo "2061"]
[BlackElo "1828"]
[PlyCount "51"]
[EventDate "2022.08.12"]
[EventType "swiss"]
[EventRounds "9"]
[EventCountry "ESP"]
[SourceTitle "CBM 210 Extra"]
[Source "ChessBase"]
[SourceDate "2022.11.30"]
[SourceVersion "1"]
[SourceVersionDate "2022.11.30"]
[SourceQuality "1"]

1. e4 c5 2. Nf3 d6 3. d4 cxd4 4. Nxd4 Nc6 5. Nc3 g6 6. Be3 Bg7 7. Qd2 Nxd4 8. Bxd4 Nf6 9. 0-0-0 Qa5 10. Bb5+ Kf8 11. e5 dxe5 12. Bb6 Qxb5 13. Nxb5 Bd7 14. Nxa7 h5 15. Kb1 Kg8 16. Qb4 e6 17. Qe7 Re8 18. Rxd7 Rxe7 19. Rxe7 Bf8 20. Rxb7 Kg7 21. c4 Ne4 22. Rd1 Bc5 23. f3 Bxb6 24. fxe4 Bd4 25. Rxd4 exd4 26. c5 1-0

[Event "Tres Cantos op 11th"]
[Site "Tres Cantos"]
[Date "2019.06.28"]
[Round "7"]
[White "Suarez Paz, Alfonso"]
[Black "Savchuk, Olga"]
[Result "1-0"]
[WhiteElo "1796"]
[BlackElo "1584"]
[PlyCount "119"]
[EventDate "2019.06.22"]
[EventType "swiss"]
[EventRounds "9"]
[EventCountry "ESP"]
[SourceTitle "CBM 195 Extra"]
[Source "ChessBase"]
[SourceDate "2020.05.31"]
[SourceVersion "1"]
[SourceVersionDate "2020.05.31"]
[SourceQuality "1"]

1. e4 e5 2. Nc3 Nf6 3. f4 d5 4. exd5 Nxd5 5. Nxd5 Qxd5 6. fxe5 Qxe5+ 7. Qe2 Bd6 8. Nf3 Qe7 9. Qxe7+ Bxe7 10. Bc4 0-0 11. 0-0 Nd7 12. d4 Nf6 13. Bf4 c6 14. Rae1 Bb4 15. c3 Ba5 16. Bd6 Re8 17. Ng5 Be6 18. Nxe6 fxe6 19. Bxe6+ Kh8 20. Bf7 Red8 21. Be7 Rd7 22. Rxf6 Rxe7 23. Rxe7 gxf6 24. Rxb7 Bb6 25. Re7 c5 26. d5 Rf8 27. Re8 Kg7 28. Rxf8 Kxf8 29. Be6 c4+ 30. Kf1 Ke7 31. Ke2 Kd6 32. b3 Kc5 33. Ke3 Bc7 34. h3 Be5 35. Kd2 a5 36. g4 h6 37. Kc2 Bd6 38. Kd2 Be5 39. d6 cxb3 40. d7 bxa2 41. Bxa2 Bc7 42. Be6 Kd6 43. Bf5 Kc5 44. h4 Kd6 45. h5 Kc5 46. Kc2 Kc4 47. Be6+ Kc5 48. Kd3 Kd6 49. Bf5 Kc5 50. Ke4 a4 51. Be6 Kd6 52. Kf5 Ke7 53. c4 a3 54. c5 Bd8 55. Bd5 Kxd7 56. Kg6 Ke7 57. Kxh6 Bc7 58. Kg6 Bd8 59. h6 Kf8 60. h7 1-0

[Event "Collado Villalba 64 op 6th"]
[Site "Collado Villalba"]
[Date "2018.07.10"]
[Round "4"]
[White "Mejias Gonzalez, Pedro"]
[Black "Suarez Paz, Alfonso"]
[Result "0-1"]
[WhiteElo "1543"]
[BlackElo "1845"]
[PlyCount "218"]
[EventDate "2018.07.08"]
[EventType "swiss"]
[EventRounds "7"]
[EventCountry "ESP"]
[SourceTitle "EXT 2019"]
[Source "ChessBase"]
[SourceDate "2018.10.10"]
[SourceVersion "1"]
[SourceVersionDate "2018.10.10"]
[SourceQuality "1"]

1. e4 d6 2. d3 g6 3. Nf3 Bg7 4. g3 Nf6 5. Bg2 0-0 6. 0-0 c5 7. Nbd2 Nc6 8. c3 e5 9. Nc4 b5 10. Ne3 Ne7 11. b3 Bd7 12. c4 a6 13. h3 Qc8 14. Kh2 Nc6 15. Nd5 Nxd5 16. cxd5 Ne7 17. Bd2 f5 18. Bg5 Qe8 19. Qd2 Kh8 20. Bh6 Ng8 21. Bxg7+ Kxg7 22. Qa5 Qd8 23. Qxd8 Raxd8 24. Nd2 f4 25. g4 g5 26. f3 Ne7 27. a4 Ra8 28. a5 Ng6 29. Rfc1 Rac8 30. Rab1 Nh4 31. Rb2 Kg6 32. Rbc2 h5 33. Kg1 hxg4 34. hxg4 Rh8 35. Kf2 Kf6 36. Rh1 Rh6 37. Rcc1 Ke7 38. Rb1 Rhh8 39. Rbc1 Ng6 40. Rxh8 Rxh8 41. Rh1 Rxh1 42. Bxh1 Nh8 43. Ke1 Nf7 44. Kd1 Nd8 45. Kc2 Nb7 46. Kc3 b4+ 47. Kb2 Bb5 48. Nc4 Bxc4 49. dxc4 Nxa5 50. Bg2 Nb7 51. Bf1 Kd7 52. Be2 Nd8 53. Bd1 Nf7 54. Be2 Nh6 55. Bd1 Ng8 56. Be2 Ne7 57. Bd1 Nc8 58. Bc2 Kc7 59. Bd1 Kb6 60. Bc2 a5 61. Bd1 Ka6 62. Bc2 Nb6 63. Bd1 a4 64. Ka2 Ka5 65. Be2 axb3+ 66. Kxb3 Na4 67. Bf1 Nc3 68. Bd3 Nd1 69. Bf1 Nf2 70. Be2 Nh3 71. Bd1 Kb6 72. Be2 Ng1 73. Bd1 Ka5 74. Kb2 Nh3 75. Kb3 Nf2 76. Be2 Nh1 77. Bd1 Ng3 78. Kb2 Nf1 79. Kb3 Ne3 80. Be2 Kb6 81. Ka4 Ka6 82. Kb3 Ka5 83. Bd3 Nd1 84. Bc2 Nc3 85. Bd3 Kb6 86. Bf1 Ka5 87. Bd3 Kb6 88. Bf1 Ka6 89. Bd3 Ka5 90. Bf1 Nb1 91. Kc2 Ka4 92. Kxb1 Kb3 93. Kc1 Kc3 94. Be2 b3 95. Bd1 Kxc4 96. Kb2 Kd3 97. Kxb3 Kd2 98. Bc2 Ke2 99. Kc3 Kxf3 100. Kd3 Kxg4 101. Bd1+ Kg3 102. Ke2 Kg2 103. Kd2 f3 104. Ke3 f2 105. Be2 f1Q 106. Bxf1+ Kxf1 107. Kf3 c4 108. Kg4 c3 109. Kxg5 c2 0-1

[Event "Collado Villalba 64 op 6th"]
[Site "Collado Villalba"]
[Date "2018.07.08"]
[Round "2"]
[White "Ruperez Benito, Antonio"]
[Black "Suarez Paz, Alfonso"]
[Result "1/2-1/2"]
[WhiteElo "2329"]
[BlackElo "1845"]
[PlyCount "82"]
[EventDate "2018.07.08"]
[EventType "swiss"]
[EventRounds "7"]
[EventCountry "ESP"]
[SourceTitle "EXT 2019"]
[Source "ChessBase"]
[SourceDate "2018.10.10"]
[SourceVersion "1"]
[SourceVersionDate "2018.10.10"]
[SourceQuality "1"]

1. e4 d6 2. d4 Nf6 3. Nc3 g6 4. Bg5 Bg7 5. e5 Nfd7 6. exd6 cxd6 7. Nf3 0-0 8. Be2 Nc6 9. 0-0 f6 10. Be3 e5 11. dxe5 dxe5 12. Bc4+ Kh8 13. Ne4 Qe7 14. Qd6 h6 15. Rad1 f5 16. Qxe7 Nxe7 17. Nd6 e4 18. Nxc8 Raxc8 19. Rxd7 exf3 20. Bb3 fxg2 21. Kxg2 Nc6 22. Bc5 Rfd8 23. Rfd1 b6 24. Rxd8+ Rxd8 25. Rxd8+ Nxd8 26. Ba3 Be5 27. Bd5 Kg7 28. c4 Kf6 29. b3 Ne6 30. Bxe6 Kxe6 31. Bf8 h5 32. Bh6 f4 33. Kf3 Kf5 34. h4 Bd6 35. Bg5 a6 36. a4 a5 37. Bd8 Bc5 38. Bc7 Bd4 39. Bb8 Bc5 40. Bc7 Bd4 41. Bb8 Bc5 1/2-1/2

[Event "Villalba op 3rd"]
[Site "Villalba"]
[Date "2015.08.10"]
[Round "2"]
[White "Martin Rodriguez, Jose Luis"]
[Black "Suarez Paz, Alfonso"]
[Result "0-1"]
[WhiteElo "1453"]
[BlackElo "1841"]
[PlyCount "33"]
[EventDate "2015.08.09"]
[EventType "swiss"]
[EventRounds "9"]
[EventCountry "ESP"]
[SourceTitle "EXT 2024"]
[Source "ChessBase"]
[SourceDate "2023.10.10"]
[SourceVersion "1"]
[SourceVersionDate "2023.10.10"]
[SourceQuality "1"]

1. e4 e5 2. Nf3 d6 3. d4 exd4 4. Qxd4 Nf6 5. Bg5 Be7 6. Nc3 0-0 7. 0-0-0 Be6 8. Kb1 c5 9. Qd2 Qa5 10. Nd5 Qd8 11. Nxe7+ Qxe7 12. Bxf6 Qxf6 13. Bb5 a6 14. Ba4 b5 15. Bb3 c4 16. Qxd6 cxb3 17. axb3 0-1

[Event "Villalba op 3rd"]
[Site "Villalba"]
[Date "2015.08.09"]
[Round "1"]
[White "Suarez Paz, Alfonso"]
[Black "Zhou, Lulu"]
[Result "0-1"]
[WhiteElo "1841"]
[BlackElo "1439"]
[PlyCount "68"]
[EventDate "2015.08.09"]
[EventType "swiss"]
[EventRounds "9"]
[EventCountry "ESP"]
[SourceTitle "EXT 2024"]
[Source "ChessBase"]
[SourceDate "2023.10.10"]
[SourceVersion "1"]
[SourceVersionDate "2023.10.10"]
[SourceQuality "1"]

1. e4 e5 2. Nc3 Nf6 3. f4 d6 4. Nf3 Nc6 5. d3 Bg4 6. Be2 Be7 7. 0-0 Bxf3 8. Bxf3 Nd4 9. Be3 Nxf3+ 10. Qxf3 c6 11. Ne2 0-0 12. a3 a6 13. c3 Qd7 14. f5 Rfe8 15. Ng3 d5 16. Rad1 Bf8 17. Nh5 Be7 18. Bh6 Nxh5 19. Qxh5 gxh6 20. Qxh6 f6 21. Rf3 Bd8 22. Rdf1 Kh8 23. Rg3 Rg8 24. Rff3 Bb6+ 25. d4 Qf7 26. exd5 cxd5 27. Qd2 Rxg3 28. Rxg3 e4 29. Rh3 Bc7 30. Qf2 Rg8 31. Qh4 Rg5 32. g4 Qg7 33. Kf2 Rxg4 34. Qh5 Rg2+ 0-1

[Event "Galapagar op 10th"]
[Site "Galapagar"]
[Date "2009.07.23"]
[Round "6"]
[White "Guijarro Iniesta, Hipolito"]
[Black "Suarez Paz, Alfonso"]
[Result "0-1"]
[WhiteElo "1802"]
[BlackElo "1903"]
[PlyCount "100"]
[EventDate "2009.07.18"]
[EventType "swiss"]
[EventRounds "9"]
[EventCountry "ESP"]
[SourceTitle "EXT 2010"]
[Source "ChessBase"]
[SourceDate "2010.11.25"]
[SourceVersion "1"]
[SourceVersionDate "2010.11.25"]
[SourceQuality "1"]

1. e4 e5 2. Nf3 d6 3. Nc3 Nf6 4. d4 exd4 5. Nxd4 Be7 6. Bb5+ Nbd7 7. 0-0 0-0 8. Re1 Ne5 9. Nd5 Nxd5 10. exd5 a6 11. Be2 Bf6 12. c3 Bd7 13. Nf3 Nxf3+ 14. Bxf3 Be5 15. g3 f5 16. c4 f4 17. c5 Bh3 18. Bg4 Bxg4 19. Qxg4 fxg3 20. hxg3 Qf6 21. Qe6+ Qxe6 22. dxe6 Rae8 23. cxd6 Bxd6 24. Bg5 h6 25. e7 Rf7 26. Bd2 Rfxe7 27. Rxe7 Rxe7 28. Bc3 Kf7 29. Kg2 Re6 30. Rd1 g5 31. Rd3 Kg6 32. Bd4 h5 33. Rc3 b6 34. Rc6 Kf5 35. a3 a5 36. a4 Be5 37. Rxe6 Kxe6 38. Be3 Kf5 39. Bc1 c6 40. b3 b5 41. Bd2 Bc7 42. f4 gxf4 43. gxf4 b4 44. Kg3 h4+ 45. Kxh4 Bxf4 46. Be1 Ke4 47. Bf2 Be3 48. Bg3 Bb6 49. Kg4 Kd3 50. Kf5 Kc3 0-1

[Event "Galapagar op 10th"]
[Site "Galapagar"]
[Date "2009.07.22"]
[Round "5"]
[White "Suarez Paz, Alfonso"]
[Black "Esquivias Gomez, Francisco Javier"]
[Result "0-1"]
[WhiteElo "1903"]
[BlackElo "2009"]
[PlyCount "92"]
[EventDate "2009.07.18"]
[EventType "swiss"]
[EventRounds "9"]
[EventCountry "ESP"]
[SourceTitle "EXT 2010"]
[Source "ChessBase"]
[SourceDate "2010.11.25"]
[SourceVersion "1"]
[SourceVersionDate "2010.11.25"]
[SourceQuality "1"]

1. e4 Nf6 2. Nc3 d6 3. d4 g6 4. Bc4 Bg7 5. h3 0-0 6. Be3 c6 7. Nf3 Nxe4 8. Bxf7+ Rxf7 9. Nxe4 d5 10. Nc5 Qd6 11. Qd2 b6 12. Nd3 Bf5 13. Bf4 Qd8 14. Nde5 Rf8 15. Nh4 Bxc2 16. Rc1 Ba4 17. 0-0 Bxe5 18. dxe5 e6 19. Bg5 Qe8 20. Bh6 Rf7 21. Qg5 Re7 22. f4 Nd7 23. f5 exf5 24. Rxf5 Bb5 25. Rc3 Rxe5 26. Rcf3 Rxf5 27. Rxf5 Bd3 28. Rxd5 cxd5 29. Qxd5+ Kh8 30. Qd4+ Qe5 31. Qxd7 Bb5 32. Bg7+ Qxg7 33. Qxb5 Qd4+ 34. Kh2 Rd8 35. Nf3 Qf4+ 36. Kg1 Qg3 37. Qe2 Qd6 38. Qe4 Kg7 39. Ng5 Qc5+ 40. Kh2 Qxg5 41. Qb7+ Kh6 42. Qf3 Qe5+ 43. Kh1 Rc8 44. Qd1 Qe3 45. Qd6 Rc1+ 46. Kh2 Rf1 0-1

[Event "Galapagar op 09th"]
[Site "Galapagar"]
[Date "2008.07.20"]
[Round "2"]
[White "Suarez Paz, Alfonso"]
[Black "Perez Gonzalez, Jose Manuel"]
[Result "0-1"]
[WhiteElo "1966"]
[BlackElo "2255"]
[PlyCount "64"]
[EventDate "2008.07.19"]
[EventType "swiss"]
[EventRounds "9"]
[EventCountry "ESP"]
[SourceTitle "EXT 2009"]
[Source "ChessBase"]
[SourceDate "2008.11.26"]
[SourceVersion "1"]
[SourceVersionDate "2008.11.26"]
[SourceQuality "1"]

1. d4 Nf6 2. Bf4 g6 3. c4 c5 4. e3 Bg7 5. Nc3 0-0 6. Bd3 cxd4 7. exd4 d5 8. Nge2 Nc6 9. 0-0 b6 10. a3 Bb7 11. Rc1 dxc4 12. Bxc4 Rc8 13. d5 Na5 14. Ba2 Nc4 15. Bxc4 Rxc4 16. d6 exd6 17. Qxd6 Qa8 18. Qd3 Rcc8 19. Qh3 Rfe8 20. f3 Rc5 21. Rfe1 Nh5 22. Bg3 Nxg3 23. Qxg3 Bh6 24. Nf4 Rce5 25. Rxe5 Rxe5 26. Nxg6 hxg6 27. Qxe5 Bxc1 28. Nb5 Qd8 29. Qe2 Ba6 30. a4 Bxb5 31. axb5 Qd4+ 32. Qf2 Be3 0-1